000 00953nam a2200277Ia 4500
001 dia_1736
003 CHAP
005 20230327092716.0
008 220117s1955 xx 000 0 und d
010 _a172275
040 _cCHAP
082 _a630.972 P76 1955
111 _aProblemas Agrícolas Actuales (1955 : Marzo 8-12 : México, D. F.)
_9151464
245 _aProblemas Agrícolas Actuales : seminario realizado en la ciudad de México durante los días 8 a 12 de marzo de 1954 /
_c Ateneo Nacional Agronómico
260 _aMéxico :
_b Atenagro,
_c1955
300 _a325 p.
503 _aD.
504 _aIncluye bibliografías
590 _aHD1405 P76 1955
650 _aAgricultura
_xAspectos económicos
_xCongresos
_91234
700 _aAteneo Nacional Agronómico (México)
_9151465
901 _a630.972 P76 1955
902 _aM
905 _a5232271955 mx an 8223323322spa16
942 _cLIBRO
_2ddc
999 _c172275
_d172275